| 000 | 00740nam a22002657a 4500 | ||
|---|---|---|---|
| 003 | CHAP | ||
| 005 | 20220329135856.0 | ||
| 008 | 971013s1935 r 00010 d | ||
| 010 | _a43661 | ||
| 011 | _a44633 | ||
| 035 | _a48771 | ||
| 040 | _cCHAP | ||
| 082 |
_a583.95 _bR35 |
||
| 100 | 0 | 0 |
_aRamaer, Herman. _993800 |
| 245 | _aCytology of Hevea | ||
| 260 |
_aGravenhage : _bMartinus Nijhoff, _c1935 |
||
| 300 |
_ap. 192-236 _b: ilus. |
||
| 590 |
_aBATCH-UPD _b10 _c20130110 _lUCH01 _h0325 |
||
| 590 |
_aBATCH-UPD _b10 _c20130110 _lUCH01 _h2114 |
||
| 590 |
_aCONVERSION _b10 _c20130109 _lUCH01 _h1324 |
||
| 650 | 1 | 4 |
_aHevea. _955088 |
| 901 | _aBK | ||
| 942 | _cLIBRO | ||
| 949 |
_a583.95 R35 _bBC _cLIBRO _d33724000448668 _eLIBRO _h9841 _i48771 _si |
||
| 999 |
_c43661 _d43661 |
||